Statistics for 88 souhvězdích

Click here to take the quiz!

General Stats

  • This quiz has been taken 121 times
  • The average score is 34 of 88

Answer Stats

ZkratkaNázev souhvězdí% Correct
LeoLev
93%
VirPanna
88%
TauBýk
87%
SgrStřelec
87%
AqrVodnář
87%
CncRak
86%
LibVáhy
86%
CapKozoroh
83%
UMaVelká medvědice
83%
GemBlíženci
82%
ScoŠtír
82%
AriBeran
81%
PscRyby
77%
AndAndromeda
70%
OriOrion
70%
CygLabuť
62%
DraDrak
61%
LyrLyra
60%
PegPegas
58%
AqlOrel
54%
UMiMalý medvěd
49%
CruJižní kříž
46%
SerHad
44%
CenKentaur
44%
PavPáv
44%
PerPerseus
44%
HerHerkules
42%
HyaHydra
42%
CasKasiopeja
42%
CMiMalý pes
38%
SexSextant
38%
CMaVelký pes
38%
DelDelfín
37%
LupVlk
37%
OphHadonoš
35%
CetVelryba
35%
MonJednorožec
32%
TriTrojúhelník
32%
LepZajíc
32%
CamŽirafa
32%
CrBSeverní Koruna
31%
BooPastýř
30%
LynRys
30%
CrAJižní Koruna
29%
CVnHonící psi
27%
IndIndián
27%
PupLodní záď
27%
ComVlasy Bereniky
27%
AurVozka
27%
PyxKompas
26%
VulLištička
26%
SctŠtít
26%
PheFénix
25%
SgeŠíp
24%
ChaChameleon
23%
CrvHavran
23%
CirKružítko
23%
CarLodní Kýl
23%
MicMikroskop
23%
TucTukan
23%
HorHodiny
21%
ColHolubice
21%
LacJeštěrka
21%
TrAJižní trojúhelník
21%
CepKefeus
21%
PicMalíř
21%
LMiMalý lev
21%
MusMoucha
21%
OctOktant
21%
ApsRajka
21%
RetSíť
21%
GruJeřáb
20%
PsAJižní ryba
20%
EquKoníček
20%
HyiMalý vodní had
20%
AraOltář
20%
VelPlachty
20%
NorPravítko
20%
AntVývěva
20%
TelDalekohled
19%
CrtPohár
19%
CaeRydlo
19%
SclSochař
19%
VolLétající ryba
18%
DorMečoun
18%
EriEridanus
17%
ForPec
17%
MenTabulová hora
17%

Score Distribution

Percentile by Number Answered

Percent of People with Each Score

Your Score History

You have not taken this quiz